| 000 | 00507nam a22001577a 4500 | ||
|---|---|---|---|
| 999 |
_c14950 _d14950 |
||
| 008 | 200203b ||||| |||| 00| 0 eng d | ||
| 020 | _a978-1-98463-458-0 | ||
| 082 |
_22019 _aDC 629 _bAu82 |
||
| 245 | _aAutomotive technician/ | ||
| 260 |
_aNew York: _b3G E-Learning, _c©2019. |
||
| 300 |
_a314, pages _billustration; _c23 cm. |
||
| 500 | _aIncludes references and index. | ||
| 650 |
_aAutomobiles -- Electric equipment. _930777 |
||
| 651 |
_aAutomobiles -- Electronic equipment. _941500 |
||
| 942 |
_2ddc _cDC |
||